| 000 | 00637nam a22002057a 4500 | ||
|---|---|---|---|
| 003 | OSt | ||
| 005 | 20250612103847.0 | ||
| 008 | 240227b2016 ck a|||| |||| 00| m spa d | ||
| 022 | _a9789583051890 | ||
| 037 | _aDonación | ||
| 040 |
_cCO-JMCR _aCO-JMCR _bspa _dCO-JMCR _erda |
||
| 041 | _aspa | ||
| 082 |
_aJ-N _bSHAs |
||
| 100 |
_aShakespeare , William, _eautor _99696 |
||
| 245 |
_aSueño de una noche de verano ; _cWIlliam Shakespeare |
||
| 300 |
_a49 páginas; _bIlustraciones a blanco y negro _c27 cm |
||
| 650 | 1 | 4 |
_2JMCR _aNovela gráfica _xLiteratura juvenil _943779 |
| 650 | 2 | 4 |
_2JMCR _aHadas en la literatura _940334 |
| 942 |
_2ddc _cBK |
||
| 999 |
_c30696 _d17080 |
||